Science Quiz

Random Science Quiz
Score 0/69 Timer 15:00
0 Plays Today
% Correct
ZrSiO₄
73.3%
NaAlSi₃O₈
66.7%
CaF₂
66.7%
SiO₂
60%
KAlSi₃O₈
60%
KAlSi₃O₈
60%
CaTiSiO₅
60%
Cu₂CO₃ (OH)
60%
KCl
60%
TiO₂
60%
FeO (OH)
60%
PbS
60%
AsS
60%
SiO₂
53.3%
SiO₂
53.3%
SiO₂
53.3%
NaAlSi₃O₈
53.3%
Mg₂Si₂O₆
53.3%
LiAlSi₂O₆
53.3%
CaSiO₃
53.3%
MnSiO₃
53.3%
Al₂Be₃Si₆O₁₈
53.3%
Ca₂Al₂ (Al,Fe) (SiO₇) (SiO₄) O (OH)
53.3%
Al₂SiO₄ (F,OH)₂
53.3%
Al₂SiO₅
53.3%
Al₂SiO₅
53.3%
CaCO₃
53.3%
CaCO₃
53.3%
Cu₃ (CO₃)₂ (OH)₂
53.3%
BaSO₄
53.3%
NaCl
53.3%
Al₂O₃
53.3%
Cu₂O
53.3%
Fe₃O₄
53.3%
FeCr₂O₄
53.3%
% Correct
ZnS
53.3%
HgS
53.3%
SiO₂
46.7%
KAlSi₃O₈
46.7%
(K,Na)AlSi₃O₈
46.7%
SiO₂ • nH₂O
46.7%
KAl₃Si₃O₁₀ (OH)₂
46.7%
CaMgSi₂O₆
46.7%
Al₂SiO₅
46.7%
Fe₃Al₂Si₃O₁₂
46.7%
Fe₂O₃
46.7%
CaAl₂Si₂O₈
40%
K (Fe,Mg)₃ AlSi₃O₁₀ (OH)₂
40%
Mg₃Si₄O₁₀ (OH)₂
40%
Mg₃Si₂O₅(OH)₄
40%
Mg₂SiO₄
40%
Fe₂SiO₄
40%
CaMg(CO₃)₂
40%
MnCO₃
40%
CaSO₄ • 2H₂O
40%
KNa₂₂ (SO₄)₉ (CO₃)₂ Cl
40%
Fe₂O₃
40%
FeTiO₃
40%
Sb₂S₃
40%
FeS₂
40%
Mg₂Al₄Si₅O₁₈
33.3%
Ca₃Al2Si₃O₁₂
33.3%
SrSO₄
33.3%
MnO₂
33.3%
SnO₂
33.3%
As₂S₃
33.3%
FeS₂
33.3%
FeCO₃
26.7%
Mg (OH)₂
20%
Remove Ads.
Support Sporcle.
Get the best of Sporcle when you Go Orange. This ad-free experience offers more features, more stats, and more fun while also helping to support Sporcle. Thank you for becoming a member.

You're not logged in!

Compare scores with friends on all Sporcle quizzes.
OR
Log In

Show Comments

Extras

Created Dec 11, 2018ReportNominate
Tags:Category, class, formula, Mineral

Top Quizzes Today


Score Distribution

Your Account Isn't Verified!

In order to create a playlist on Sporcle, you need to verify the email address you used during registration. Go to your Sporcle Settings to finish the process.

Report this User

Report this user for behavior that violates our Community Guidelines.

Details: